01056pab a2200181 454500008004000000100002000040245004400060260000900104300001200113362000800125520051700133650002600650650001900676773004800695909001000743999001700753952010400770180718b1997 xxu||||| |||| 00| 0 eng d aMulgan, Richard aThe processess of public accountability c1997 ap.25-36 aMar aThere is a sameness to writing on public accountability which does not always do justice to the subject. With responsibility and accountability conflated and an idealised version of the Westminster model held up as the only test, ministers constantly appear irresponsible. Yet a more complex account of public accountability is possible, one which acknowledges that no single institution can undertake the important work of ensuring accountability from ministers, the parliament and public servants. - Reproduced aPublic administration aAccountability aAustralian Journal of Public Administration a34612 c34612d34612 00104070aIIPAbIIPAd2018-07-19hVolume no: 56, Issue no: 1pAR34845r2018-07-19w2018-07-19yAR